000 00576nam a2200217Ia 4500
003 OSt
005 20220928151545.0
006 a|||||r|||| 00| 0
007 ta
008 220927b |||||||| |||| 00| 0 eng d
024 _a126905
037 _cTextual
040 _aSDCL
_cSDCL
_beng
041 _2eng
_aeng
082 _aD65,8obL, L5
100 _aKhandpur Raghbir Singh
_9517717
245 0 _aElectronic instrumentation in medical practice.
260 _c1975
942 _hD65,8obL, L5
_cTEXL
_2CC
999 _c851952
_d851952